Telecommunications : A systems approach
Đã lưu trong:
| Tác giả chính: | |
|---|---|
| Định dạng: | Sách |
| Ngôn ngữ: | Undetermined |
| Được phát hành: |
London
Allen and Unwin
1976
|
| Những chủ đề: | |
| Các nhãn: |
Thêm thẻ
Không có thẻ, Là người đầu tiên thẻ bản ghi này!
|
| Thư viện lưu trữ: | Trung tâm Học liệu Trường Đại học Cần Thơ |
|---|
| LEADER | 00540nam a2200193Ia 4500 | ||
|---|---|---|---|
| 001 | CTU_95453 | ||
| 008 | 210402s9999 xx 000 0 und d | ||
| 082 | |a 621.38 | ||
| 082 | |b S666 | ||
| 100 | |a Smol, G. | ||
| 245 | 0 | |a Telecommunications : | |
| 245 | 2 | |b A systems approach | |
| 245 | 0 | |c G. Smol, M. P. R. Hamer, M. T. Hills | |
| 260 | |a London | ||
| 260 | |b Allen and Unwin | ||
| 260 | |c 1976 | ||
| 650 | |a Telecommunication,Telephone systems,Television | ||
| 904 | |i M.Loan | ||
| 980 | |a Trung tâm Học liệu Trường Đại học Cần Thơ | ||